000 00430nam a2200133Ia 4500
008 100328s9999 xx 000 0 und d
082 _b59487
100 _aमेंगजी अशोक.
245 _aबहरलेले तारुण्य.
260 _bचंद्रमौळी.
630 _aबहरलेले तारुण्य.
730 _aबहरलेले तारुण्य.
942 _cBOOK
999 _c545711
_d545708